| 000 | 00466nam a22001697a 4500 | ||
|---|---|---|---|
| 003 | CEME | ||
| 005 | 20210628210248.0 | ||
| 008 | 210216b xxu||||| |||| 00| 0 eng d | ||
| 040 | _c. | ||
| 082 | _a297.1227 GHU | ||
| 100 |
_aGhulam Murtaza, Malik Dr. Malik Ghulam Murtaza Malik Ghulam Murtaza _978778 |
||
| 245 | _aAnwaar-ul-quran | ||
| 250 | _a2-VOL | ||
| 260 |
_aLAHORE _bMALIK SONS _c1995 |
||
| 650 |
_aISLAM-TAFSEER-ANWAAR-UL-QURAN _978779 |
||
| 942 |
_cBK _2ddc |
||
| 999 |
_c583859 _d583859 |
||